Rural Sector: A View Through Gender Lens/ by Niketha L, Letha Devi G, Adhiguru P (Record no. 52194)

MARC details
000 -LEADER
fixed length control field 00667nam a22002057a 4500
003 - CONTROL NUMBER IDENTIFIER
control field OSt
008 - FIXED-LENGTH DATA ELEMENTS--GENERAL INFORMATION
fixed length control field 260622b |||||||| |||| 00| 0 eng d
020 ## - INTERNATIONAL STANDARD BOOK NUMBER
International Standard Book Number 9789388020220
082 ## - DEWEY DECIMAL CLASSIFICATION NUMBER
Classification number 305.42
Item number L11R
100 ## - MAIN ENTRY--PERSONAL NAME
Personal name L, Niketha
245 ## - TITLE STATEMENT
Title Rural Sector: A View Through Gender Lens/ by Niketha L, Letha Devi G, Adhiguru P
260 ## - PUBLICATION, DISTRIBUTION, ETC. (IMPRINT)
Place of publication, distribution, etc Delhi :
Name of publisher, distributor, etc Satish Serial Publishing House,
Date of publication, distribution, etc 2019.
300 ## - PHYSICAL DESCRIPTION
Extent ix, 201 p.
650 ## - SUBJECT ADDED ENTRY--TOPICAL TERM
Topical term or geographic name as entry element Social Sciences
650 ## - SUBJECT ADDED ENTRY--TOPICAL TERM
Topical term or geographic name as entry element Social groups (Sociology of specific groups)
650 ## - SUBJECT ADDED ENTRY--TOPICAL TERM
Topical term or geographic name as entry element Social position and status of women (Gender relations / Gender lens)
700 ## - ADDED ENTRY--PERSONAL NAME
Personal name G, Letha Devi ,
700 ## - ADDED ENTRY--PERSONAL NAME
Personal name P, Adhiguru
942 ## - ADDED ENTRY ELEMENTS (KOHA)
Source of classification or shelving scheme
Koha item type Books
Holdings
Withdrawn status Lost status Source of classification or shelving scheme Damaged status Not for loan Home library Current library Shelving location Date acquired Source of acquisition Cost, normal purchase price Total Checkouts Full call number Barcode Date last seen Bill Date Koha item type Bill Number
          Dr. Rajendra Prasad Central Agricultural University Pusa, Dr. Rajendra Prasad Central Agricultural University Pusa, General Stacks 22/06/2026 IBPSS, 1950.00   305.42 L11R 87091 22/06/2026 28/01/2026 Books Invoice No. IBPS/021/2025-26,
Hosted, Implemented, Customized & Maintained by: BestBookBuddies

Powered by Koha